Welcome to CU Library Online Public Access Catalogue (OPAC)

EARLY CHRISTIAN AND BYZANTINE ART (Record no. 2306)

MARC details
000 -LEADER
fixed length control field 00411nam a22001577a 4500
005 - DATE AND TIME OF LATEST TRANSACTION
control field 20241216100347.0
008 - FIXED-LENGTH DATA ELEMENTS--GENERAL INFORMATION
fixed length control field 241216b |||||||| |||| 00| 0 eng d
020 ## - INTERNATIONAL STANDARD BOOK NUMBER
International Standard Book Number 9780300052961
050 ## - LIBRARY OF CONGRESS CALL NUMBER
Classification number N7832
Item number B3 BEC
100 ## - MAIN ENTRY--PERSONAL NAME
Personal name BECKWITH, JOHN
245 ## - TITLE STATEMENT
Title EARLY CHRISTIAN AND BYZANTINE ART
260 ## - PUBLICATION, DISTRIBUTION, ETC.
Place of publication, distribution, etc. NEW HAVEN
Name of publisher, distributor, etc. YALE UNIVERSITY PRESS
Date of publication, distribution, etc. c1979
300 ## - PHYSICAL DESCRIPTION
Extent 405p
500 ## - GENERAL NOTE
General note includes index
942 ## - ADDED ENTRY ELEMENTS (KOHA)
Source of classification or shelving scheme Library of Congress Classification
Koha item type Books
Suppress in OPAC No
999 ## -
-- 2306
-- 2306
Holdings
Withdrawn status Lost status Source of classification or shelving scheme Damaged status Not for loan Collection Home library Current library Shelving location Date acquired Total checkouts Full call number Barcode Date last seen Copy number Price effective from Koha item type
    Library of Congress Classification     Non-fiction Undergraduate Library (Christ Temple) Undergraduate Library (Christ Temple) General stacks 12/16/2024   N7832B3 BEC ulct00000634 12/16/2024 1 12/16/2024 Books
© 2023-2024 Copyright: Central University Libraries. All Rights Reserved | Created by: Mahone Tech Office